Financial statement analysis : (Record no. 2891)

MARC details
000 -LEADER
fixed length control field 00636nam a2200169Ia 4500
020 ## - INTERNATIONAL STANDARD BOOK NUMBER
ISBN 0256102236
050 ## - CALL NUMBER
Classification number HF 5681
Item number .B2B46
100 1# - AUTHOR
Personal name Bernstein, Leopold A.
245 10 - TITLE
Title Financial statement analysis :
Remainder of title theory, application, and interpretation /
Statement of responsibility, etc Leopold A. Bernstein.
250 ## - EDITION
Edition statement 5th ed.
260 ## - PUBLICATION INFORMATION
Place of publication Homewood, Ill. :
Name of publisher R.D. Irwin,
Year of publication 1993.
300 ## - DESCRIPTION
Number of Pages xxvii, 1075 p.
500 ## - NOTES
General note Includes index.
505 ## - FORMATTED CONTENTS NOTE
Table of Content financial statement analysis and the accounting framework<br/>Financial statements-the raw material of analysis<br/>Financial statement- the main areas of emphasis<br/>
650 #0 - SUBJECTS
Topical Term Financial statements.
942 ## - ADDED ENTRY ELEMENTS (KOHA)
Koha item type Books
Holdings
Withdrawn status Lost status Collection code Home library Current library Shelving location Date acquired Full call number Accession Number Koha item type
    Reference Methodist University Library Main Methodist University Library Main General Stacks 20/07/2000 HF 5681 .B2B46 13431 Books
    Reference Methodist University Library Main Methodist University Library Main General Stacks 20/07/2000 HF 5681 .B2B46 13432 Books
Copyright © 2026  MUG Library